សារពើភ័ណ្ឌ និង ការវាស់វែងព្រៃឈើ Practical guidelines on forest inventory and measurement (Record no. 9179)
[ view plain ]
| 000 -LEADER | |
|---|---|
| fixed length control field | 00407nam a22001217a 4500 |
| 040 ## - CATALOGING SOURCE | |
| Transcribing agency | HS |
| 082 ## - DEWEY DECIMAL CLASSIFICATION NUMBER | |
| Classification number | 634 |
| 100 ## - MAIN ENTRY--AUTHOR NAME | |
| Personal name | អ៊ុក ស៊ីផាន |
| 245 ## - TITLE STATEMENT | |
| Title | សារពើភ័ណ្ឌ និង ការវាស់វែងព្រៃឈើ Practical guidelines on forest inventory and measurement |
| 260 ## - PUBLICATION, DISTRIBUTION, ETC. (IMPRINT) | |
| Place of publication | Cambodia |
| Name of publisher | អ៊ុក ស៊ីផាន |
| Year of publication | 2004 |
| 300 ## - PHYSICAL DESCRIPTION | |
| Number of Pages | 97p; |
| 942 ## - ADDED ENTRY ELEMENTS (KOHA) | |
| Koha item type | សៀវភៅភាសាខ្មែរ |
| 952 ## - LOCATION AND ITEM INFORMATION (KOHA) | |
| Withdrawn status [LOCAL, KOHA] | 0 |
| Permanent Location | Date acquired | Koha item type | Lost status | Shelving location | Barcode | Current Location | Full call number |
|---|---|---|---|---|---|---|---|
| Library Block C | 2016-08-25 | សៀវភៅភាសាខ្មែរ | C250 | RUA043029 | Library Block C | 634 អ៊ិក 2004 C250 |